LDR 00940naa#a2200181#i#450# 001 RU\INFRA-M\bibl\108860 005 20260414012008.2 011 ## _a2500-0500 100 ## _a20260303b2026####ek#y0rusy0150####ca 102 ## _aRU 200 1# _aОценка профессионально-личностных качеств рабочего персонала _eЖурнальная статья 210 1# _aМосква _cОбщество с ограниченной ответственностью «Научно-издательский центр ИНФРА-М» _d2026 215 ## _a3 с. 608 ## _aЖурнальная статья _2local 675 ## _aДемография. Социология. Статистика. 31 _aТеория, методология и методы общественных наук в целом. Социография. 30 _z 700 #1 _aКоролев _gА. Е. 700 #1 _aКоротков _gЕ. Д. 856 4# _anaukaru.ru _u